书目信息 |
| 题名: |
看得见的元史
|
|
| 作者: | 孙庆 编著 | |
| 分册: | ||
| 出版信息: | 北京 中华书局 2013 |
|
| 页数: | 174页 | |
| 开本: | 24cm | |
| 丛书名: | ||
| 单 册: | ||
| 中图分类: | K247.09 | |
| 科图分类: | ||
| 主题词: | 元代--历史--通俗读物 , 元代 , 历史 | |
| 电子资源: | ||
| ISBN: | 978-7-101-09452-7 | |
| 000 | 00853nam0 2200277 450 | |
| 001 | 012001004581 | |
| 005 | 20140928162349.0 | |
| 010 | @a978-7-101-09452-7@dCNY33.00 | |
| 090 | @aK247.09@bsq | |
| 100 | @a20140429d2013 em y0chiy50 ea | |
| 101 | 0 | @achi |
| 102 | @aCN@b110000 | |
| 105 | @aab z 000yy | |
| 106 | @ar | |
| 200 | 1 | @a看得见的元史@9kan de jian de yuan shi@f孙庆编著 |
| 210 | @a北京@c中华书局@d2013 | |
| 215 | @a174页@c图,地图@d24cm | |
| 300 | @a视觉历史 | |
| 330 | @a本书是先以时间为序,梳理了元代政治变迁;然后分专题介绍了元朝的军事战争、文化与艺术、宗教、社会生活、百工技艺以及商贸交通等方面情况。 | |
| 606 | 0 | @a元代@x历史@j通俗读物 |
| 606 | 0 | @a元代 |
| 606 | 0 | @a历史 |
| 690 | @aK247.09@v5 | |
| 701 | 0 | @a孙庆@9sun qing@c(女,@f1964~)@4编著 |
| 801 | 0 | @aCN@b上海新华@c20180901 |
| 905 | @b1170987-91@dK247.09@e38@f5 | |
| 看得见的元史/孙庆编著.-北京:中华书局,2013 |
| 174页:图,地图;24cm |
| 视觉历史 |
| ISBN 978-7-101-09452-7:CNY33.00 |
| 本书是先以时间为序,梳理了元代政治变迁;然后分专题介绍了元朝的军事战争、文化与艺术、宗教、社会生活、百工技艺以及商贸交通等方面情况。 |
| ● |
| 相关链接 |
|
|
|
|
正题名:看得见的元史
索取号:K247.09/38
 
预约/预借
| 序号 | 登录号 | 条形码 | 馆藏地/架位号 | 状态 | 备注 |
| 1 | 1170987 | 211709873 | 第二样本阅览室/ [索取号:K247.09/38] | 在馆 | |
| 2 | 1170988 | 211709882 | 第二借阅区/ [索取号:K247.09/38] | 在馆 | |
| 3 | 1170989 | 211709891 | 第二借阅区/ [索取号:K247.09/38] | 在馆 | |
| 4 | 1170990 | 211709908 | 第二借阅区/ [索取号:K247.09/38] | 在馆 | |
| 5 | 1170991 | 211709917 | 密集书库-史法系/ [索取号:K247.09/38] | 在馆 |